000 00891cab a2200277 4500
001 ABS54004
008 090401t1995 xxu||||| |||| 00| 0 eng d
035 _a(Sirsi) u7838
041 _aeng
245 _aWaverley BC v Fletcher
260 _c1995
350 _a0
490 _aWeekly Law Reports
_v[1995] 3 WLR 772-786(15)
520 _aCA 13 July 1995. Whether a medieval brooch found by use of a metal detector by a member of the public was classed as treasure trove or belonged to the council who were the freehold owners of the park where it was found.
650 _aCHATTELS
650 _aMETAL DETECTING
650 _aOPEN SPACES ACT 1906
650 _aRECREATION GROUND
650 _aRECREATIONAL PURSUITS
650 _aTREASURE TROVE
650 _aTRESPASSING
650 _aWAVERLEY BC V FLETCHER
690 _aLAND-CASE LAW
942 _n0
948 _c04/03/1997
999 _c4768
_d4768